Statistics for Greek Islands By Size

Click here to take the quiz!

General Stats

  • This quiz has been taken 36 times
  • The average score is 15 of 30

Answer Stats

Size (Sq Miles)ClusterAnswer% Correct
3219-Crete
97%
541DodecaneseRhodes
90%
630AegeanLesbos
87%
229IonianCorfu
84%
157IonianZakynthos
71%
112DodecaneseKos
71%
166CycladesNaxos
68%
1417-Euboea
68%
184AegeanSamos
65%
325AegeanChios
61%
75CycladesParos
61%
147-Thassos
55%
117IonianLefkada
55%
58CycladesMilos
48%
147CycladesAndros
48%
116DodecaneseKarpathos
48%
184AegeanLemnos
42%
37.1IonianIthaca
35%
41.7CycladesIos
35%
42.5DodecaneseKalymnos
35%
47CycladesAmorgos
32%
81SporadesSkyros
32%
51CycladesKea
29%
75CycladesTinos
29%
99AegeanIcaria
29%
108IonianKythira
29%
69AegeanSamothrace
26%
38.4CycladesKythnos
23%
37.2DodecaneseAstypalaia
13%
302IonianCephalos
0%

Score Distribution

Percentile by Number Answered

Percent of People with Each Score

Your Score History

You have not taken this quiz